| 000 | 00667nam a22001697a 4500 | ||
|---|---|---|---|
| 999 |
_c18773 _d18773 |
||
| 008 | 240126b ||||| |||| 00| 0 eng d | ||
| 020 | _a9781638220909 | ||
| 082 |
_22023 _aDC 371.9 _bB858 |
||
| 100 |
_aBud, Peggy S. _950833 |
||
| 245 |
_aNavigating special education : _bthe power of building positive parent-educator partnerships / _cPeggy S. Bud and Tamara L. Jacobson. |
||
| 260 |
_aUnited States of America : _bSlack Incorporated, _c©2023. |
||
| 300 |
_axx, 274 pages : _billustrations ; _c23 cm. |
||
| 500 | _aIncludes references, glossary, and index. | ||
| 650 |
_aSpecial education. _951620 |
||
| 700 |
_aJacobson, Tamara L. _eauthor. _950834 |
||
| 942 |
_2ddc _cDC |
||